| 000 | 00686nam a2200241 a 4500 | ||
|---|---|---|---|
| 003 | AR-BaBNM | ||
| 005 | 20251128205828.0 | ||
| 008 | 082120s2002 ||||||||||||||000 | spa|| | ||
| 020 | _a950-752-199-2 | ||
| 040 | _cAR-BaBNM | ||
| 245 | 0 | 0 |
_aHistoria de la Argentina [1930 - 1943] _bArgentina isla de Paz |
| 260 |
_aBogotá _bHyspamerica _bCrónica _c1992 |
||
| 300 |
_a47 p. _bil., láms. |
||
| 490 | 0 |
_aNuestro siglo _vv. 21 |
|
| 650 | 4 | _aHISTORIA ARGENTINA | |
| 650 | 4 | _aHISTORIA SOCIAL | |
| 650 | 4 | _aHISTORIA ECONOMICA | |
| 650 | 4 | _aHISTORIA POLITICA | |
| 700 | 1 |
_aSáenz Quesada, María _ecoordinador |
|
| 800 | 1 |
_aLuna, Félix _edirector |
|
| 942 | _cBK | ||
| 998 | _cMariana | ||
| 999 |
_c12980 _d12980 |
||